LIBRARY & INFORMATION CENTRE, KCAET, TAVANUR

ONLINE PUBLIC ACCESS CATALOGUE (OPAC)

Operation Theatre / (Record no. 473)

MARC details
000 -LEADER
fixed length control field 00295cam a2200121ua 4500
082 ## - DEWEY DECIMAL CLASSIFICATION NUMBER
Classification number 894.812 2
Item number MUH/OP
100 ## - MAIN ENTRY--AUTHOR NAME
Personal name Muhammed, K. T.
245 ## - TITLE STATEMENT
Title Operation Theatre /
260 ## - PUBLICATION, DISTRIBUTION, ETC. (IMPRINT)
Place of publication Thrissur :
Name of publisher Current Books ,
Year of publication 1967.
300 ## - PHYSICAL DESCRIPTION
Number of Pages 75 ; .
650 ## - SUBJECT ADDED ENTRY--TOPICAL TERM
Topical Term Drama - Malayalam
942 ## - ADDED ENTRY ELEMENTS (KOHA)
Koha item type Books
Holdings
Withdrawn status Lost status Damaged status Home library Current library Date acquired Full call number Accession Number Koha item type
Withdrawn     KAUAET KAUAET 07/04/2012 894.812 2 11262 Books
free website counter